Reflexiones sobre las tendencias generales de cambio en el Estado Burocrático-Autoritario /

Guardat en:
Dades bibliogràfiques
Autor principal: O'Donnell, Guillermo
Format: Text
Etiquetes: Afegir etiqueta
Sense etiquetes, Sigues el primer a etiquetar aquest registre!

MARC

LEADER 00000 a a2200000 04500
001 16716
003
040
100 |a O'Donnell, Guillermo  
245 |a Reflexiones sobre las tendencias generales de cambio en el Estado Burocrático-Autoritario /  |c Guillermo O'Donnell 
773 |g volumen 12, número 33; páginas 111-158  
999 |c 27506  |d 27506